00682nam a22001935a 4500999001900000005001700019010001300036020002600049035001300075037001800088082001300106100002200119245008600141260004400227300002400271500001900295942002700314952014700341 c170101d17010120191211102906.0 aB-731122 a9788170493051c495.00 aB-731122 adplbDBAD/Pub 2363.2092 aSankaran Nair, K. aInside IB and RAW :bthe rolling stone that gathered moss /cby K. Sankaran Nair. aNew Delhi :bManas Publications,c2008. a235 p. ;c23 cm(Hb) aIncludes index 2ddccENmSANh363.2090 001040708NFICaMPbMPd2019-12-11eGift/ Eng./13.11.2019g495.00l0o363.2090 SANpB-731122r2019-12-11 00:00:00t1v495.00w2019-12-11yEN